L'Inde, désir de puissance : Désir de puissance (notice n° 1566647)

détails MARC
000 -LEADER
fixed length control field 01141cam a2200133 4500500
005 - DATE AND TIME OF LATEST TRANSACTION
control field 20251214002002.0
041 ## - LANGUAGE CODE
Language code of text/sound track or separate title fre
042 ## - AUTHENTICATION CODE
Authentication code dc
100 10 - MAIN ENTRY--PERSONAL NAME
Personal name Da Lage, Olivier
Relator term author
245 00 - TITLE STATEMENT
Title L'Inde, désir de puissance : Désir de puissance
260 ## - PUBLICATION, DISTRIBUTION, ETC.
Name of publisher, distributor, etc. Armand Colin,<br/>
Date of publication, distribution, etc. 2017.<br/>
520 ## - SUMMARY, ETC.
Summary, etc. Dès son indépendance en 1947, l’Inde s’est identifiée au mouvement des non-alignés, prônant une troisième voie entre l’alliance avec les Occidentaux et celle avec le bloc soviétique. Cette époque appartient désormais pratiquement au passé. L’Inde, dont la population devrait dépasser celle de la Chine vers 2025, se pose désormais en rivale pour devenir la grande puissance de ce XXIe siècle. Ambitionnant de prendre le relais de l’Europe et des États-Unis, elle revendique un siège de membre permanent au Conseil de sécurité de l’ONU. Son dynamisme démographique et économique soutient ce désir de puissance, mais les obstacles sont nombreux et son ambitieux pari n’est pas encore gagné.
856 41 - ELECTRONIC LOCATION AND ACCESS
Uniform Resource Identifier <a href="https://shs.cairn.info/l-inde-desir-de-puissance--9782200614010?lang=fr&redirect-ssocas=7080">https://shs.cairn.info/l-inde-desir-de-puissance--9782200614010?lang=fr&redirect-ssocas=7080</a>

Pas d'exemplaire disponible.

PLUDOC

PLUDOC est la plateforme unique et centralisée de gestion des bibliothèques physiques et numériques de Guinée administré par le CEDUST. Elle est la plus grande base de données de ressources documentaires pour les Étudiants, Enseignants chercheurs et Chercheurs de Guinée.

Adresse

627 919 101/664 919 101

25 boulevard du commerce
Kaloum, Conakry, Guinée

Réseaux sociaux

Powered by Netsen Group @ 2025